Isabel viendo llover en macondo ; (Registro nro. 39332)
[ vista simple ]
| 000 -CABECERA | |
|---|---|
| campo de control de longitud fija | 00924nam a2200229 a 4500 |
| 001 - NÚMERO DE CONTROL | |
| campo de control | 000039842 |
| 005 - FECHA Y HORA DE LA ÚLTIMA TRANSACCIÓN | |
| campo de control | 20240305135410.0 |
| 008 - DATOS DE LONGITUD FIJA--INFORMACIÓN GENERAL | |
| campo de control de longitud fija | 130725s19uu ag 000 0 spa d |
| 040 ## - FUENTE DE LA CATALOGACIÓN | |
| Centro catalogador/agencia de origen | DO-SdBNP |
| Lengua de catalogación | spa |
| Centro/agencia transcriptor | BNPHU |
| 082 ## - NÚMERO DE LA CLASIFICACIÓN DECIMAL DEWEY | |
| Número de clasificación | xxx |
| 100 1# - ENTRADA PRINCIPAL--NOMBRE DE PERSONA | |
| Nombre de persona | García Márquez, Gabriel, |
| Numeración | 1928-2014 |
| 9 (RLIN) | 1804 |
| 245 10 - MENCIÓN DE TÍTULO | |
| Título | Isabel viendo llover en macondo ; |
| Resto del título | Los cuentos de Gabriel García Márquez o el Trópico desembrujado / |
| Mención de responsabilidad, etc. | Gabriel García Márquez, Ernesto Volkening. |
| 260 ## - PUBLICACIÓN, DISTRIBUCIÓN, ETC. | |
| Lugar de publicación, distribución, etc. | Buenos Aires : |
| Nombre del editor, distribuidor, etc. | Estuario, |
| Fecha de publicación, distribución, etc. | [19uu]. |
| 300 ## - DESCRIPCIÓN FÍSICA | |
| Extensión | 21 p. ; |
| Dimensiones | 18 cm. |
| 490 1# - MENCIÓN DE SERIE | |
| Mención de serie | El perseguidor |
| 490 1# - MENCIÓN DE SERIE | |
| Mención de serie | Narradores latinoamericanos |
| 501 ## - NOTA DE "CON" | |
| Nota de “Con” | Encuadernado con: Los cuentos de Gabriel García Márquez o el Trópico desembrujado /Ernesto Volkening. |
| 563 ## - NOTA DE ENCUADERNACIÓN | |
| Nota de encuadernación | Dos obras encuadernada juntas con paginación continua. |
| 700 1# - PUNTO DE ACCESO ADICIONAL--NOMBRE DE PERSONA | |
| Nombre de persona | Volkening, Ernesto |
| 9 (RLIN) | 66030 |
| 830 #0 - PUNTO DE ACCESO ADICIONAL DE SERIE-TÍTULO UNIFORME | |
| Título uniforme | El perseguidor |
| 9 (RLIN) | 66031 |
| 830 #0 - PUNTO DE ACCESO ADICIONAL DE SERIE-TÍTULO UNIFORME | |
| Título uniforme | Narradores latinoamericanos |
| 9 (RLIN) | 66032 |
No hay ítems disponibles.
